Variables Affecting Emergency Buffer in Personal Finance
Správa osobných financií je dôležitá zručnosť. Zlaté pravidlá uľahčujú finančné plánovanie a pomáhajú rodinám premieňať teoretické poznatky na praktické riešenia. V tejto štúdii sa zameriavame na budovanie finančnej rezervy, ktorá predstavuje kľúčový prvok správne nastavených osobných financií. Naše...
Guardado en:
| Autor principal: | |
|---|---|
| Formato: | Capítulo de libro |
| Lenguaje: | inglés |
| Materias: | |
| Etiquetas: |
Sin Etiquetas, Sea el primero en etiquetar este registro!
|
MARC
| LEADER | 00000naa$a2200000$$$4500 | ||
|---|---|---|---|
| 001 | 0305937 | ||
| 005 | 20251203160555.1 | ||
| 041 | 0 | |a eng | |
| 044 | |a SK | ||
| 245 | 1 | 0 | |a Variables Affecting Emergency Buffer in Personal Finance |c Miloslav Paracka |
| 520 | |a Správa osobných financií je dôležitá zručnosť. Zlaté pravidlá uľahčujú finančné plánovanie a pomáhajú rodinám premieňať teoretické poznatky na praktické riešenia. V tejto štúdii sa zameriavame na budovanie finančnej rezervy, ktorá predstavuje kľúčový prvok správne nastavených osobných financií. Naše údaje potvrdzujú, že ide o stále aktuálnu tému. Mnohé domácnosti nemajú dostatočnú finančnú rezervu na zvládnutie neočakávaných udalosti. | ||
| 610 | 2 | 0 | |a domácnosti |
| 610 | 2 | 0 | |a spotreba domácností |
| 610 | 2 | 0 | |a financie osobné |
| 610 | 2 | 0 | |a rezervy |
| 610 | 2 | 0 | |a príjmy |
| 610 | 2 | 0 | |a príjmy domácností |
| 100 | 1 | |a Paracka, Miloslav, 1974- | |